000 01579nam a2200337 i 4500
003 DO-SdBNP
005 20260514085654.0
007 ta
008 260513e2025 dr ac||jr| |||| |bspa ||spa|
020 _a9789945245554
040 _aDO-SdBNP
_bspa
_cBNPHU
_erda
041 _aspa
082 0 _a808.8
_2S847i 2025
_b22
100 1 _aStevenson, Robert Louis,
_d1850-1894
_932734
_eautor
245 0 _aLa isla del tesoro /
_cRobert Louis Stevenson.
246 _aThe Sea Cook: A Story For Boys.
264 _aSanto Domingo, República Dominicana :
_bEditorial Santillana,
_c2025.
300 4 _a379 páginas :
_bilustraciones, pintura ;
_c22 x 15 cm.
336 _atexto
_btxt
_2rdacontent
337 _asin mediación
_bn
_2rdamedia
338 _avolumen
_bnc
_2dacarrier
490 _aColección Clásicos Loqueleo
500 _aIncluye biografía del autor en la solapa.
520 _aEn el inmenso mundo de la literatura clásica, pocas obras capturan la esencia de la aventura y el espíritu de exploración con la maestría que lo hace La Isla del Tesoro de Robert Louis Stevenson. Jim Hawkins, nuestro joven protagonista, nos sumerge en un mundo lleno de intriga y peligro, en una historia sobre búsqueda de tesoros y enfrentamientos en alta mar donde cada decisión puede cambiar el rumbo de la vida.
590 _aInventariado, 2026/WG.
650 0 _aLiteratura dominicana
_xColecciones de escritos
_967
650 _932735
_aNovela inglesa
_ySiglo XIX
650 0 _aHistorias de aventuras
_922460
900 _aInventariado, 2026/WG.
942 _2ddc
_cLBS1
999 _c60735
_d60735